00546nam a2200133 a 450000100100000000500170001000800410002702000180006804000250008624501390011126000900025030000420034050400300038200003868020201002031331.0130417s2013 dr abcd 000 0 spa d a9789945885637 aDO-SdBNPbspacBNPHU00aIndicadores de la gestión de riesgos de desastres en República Dominicana 2012 :bdasafíos pendientes y acciones para el avance. aSanto Domingo :bDirección General de Ordenamiento y Desarrollo Territorial,c2013. a56 p. :bil., gráf., mapa ;c29 cm. aBibliografía : p. 56-58